000 00886cam a22002653a 4500
001 6073
003 PGUSA
005 20140828083128.0
008 060422s2006||||xxu|||||s|||||000 1 eng d
040 _aPGUSA
_beng
042 _adc
050 4 _aPR
100 1 _aHaggard, H. Rider
_q(Henry Rider),
_d1856-1925
245 1 0 _aSmith and the Pharaohs, and other Tales
_h[electronic resource] /
_cH. Rider Haggard
260 _bProject Gutenberg,
_c2006
505 0 _aSmith and the pharaohs -- Magepa the buck --The blue curtains -- Little flower -- Only a dream -- Barbara who came back.
506 _aPublic domain in the USA.
516 _aElectronic text
653 _aFantasy fiction, English
653 _aShort stories, English
653 _aAdventure stories, English
830 0 _aProject Gutenberg
_v6073
856 4 0 _uhttp://www.gutenberg.org/ebooks/6073
942 _cEB
999 _c235401
_d235401